00392nam a2200145Ia 4500008004100000020001500041041001200056082001600068100001500084245008400099260002900183300000800212650000800220700001800228221030s9999 xx 000 0 und d a8170294185 aEnglish a105.23bJai aL. C. Jain 0aSwitched - Capacitor Circuits - Analysis & Designcby L. C. Jain, A. J. Boltaon bBPB PubaNew Delhic1994 a163 aECE aA. J. Boltaon